000 00974nam a2200277Ia 4500
003 OSt
005 20220918171058.0
006 a|||||r|||| 00| 0
007 ta
008 220917b |||||||| |||| 00| 0 eng d
020 _a9781138682306 (hbk)
_cUKP 90.00
024 _a320,644
037 _b1307, 03/03/2017, Bright Book Service
_cTextual
040 _aARTS
_cARTS
_beng
041 _2eng
_aeng
082 _aY:6, Q7
100 _aAnsorg Nadine Ed.
_933916
245 0 _aInstitutional reform and peacebuilding
_b change, path-dependency and societal divisions in post-war communities
260 _aLondon
_bRoutledge UK
_c2017
300 _axii,243p.
_ccm.
490 _aStudies in conflict, development and peacebuilding
650 _aPEACE; SOCIOLOGY
_933917
700 _a Kurtenbach Sabine Ed.
_933918
942 _hY:6, Q7
_cTEXL
_2CC
999 _c137758
_d137758